Hamilton Lyrics Sort #21 - What Comes Next? - Statistics

General Stats
  • This quiz has been taken 16 times
  • The average score is 14 of 22
Answer Stats
Hint Answer % Correct
Line 2 The price of war is not a price that they are willing to pay
88%
Line 1 They say
88%
Line 12 Do you know how hard it is to lead?
75%
Line 10 What comes next?
75%
Line 11 You've been freed
75%
Line 18 All alone, across the sea
63%
Line 14 Awesome, wow!
63%
Line 20 Da-da-da-da-da [1]
63%
Line 22 da-da-da-da-da-ya-da [3]
63%
Line 21 Da, da-da-da-ya-da [2]
63%
Line 6 I'm so blue
63%
Line 3 Insane
63%
Line 7 I thought that we made an arrangement when you went away
63%
Line 9 Well, even despite our estrangement, I've got a small query for you
63%
Line 19 When your people say they hate you, don't come crawling back to me
63%
Line 4 You cheat with the French
63%
Line 13 You're on your own
63%
Line 15 Do you have a clue what happens now?
50%
Line 17 It's much harder when it's all your call
50%
Line 5 Now I'm fighting with France and with Spain
50%
Line 16 Oceans rise, empires fall
50%
Line 8 You were mine to subdue
50%
No matching quizzes found
Score Distribution
Percent of People with Each Score
Percentile by Number Answered
Your Score History
You have not taken this quiz